000 00724cam a2200205 4500
001 WB3716-14
008 000000n2001 000 0 eng u
035 _a(Sirsi) u112115
245 _aTrying to find common ground
260 _c2001
490 _aFinancial Times
_v20 April 2001, 28(1)
520 _aFailure by landlords and tenants to negotiate a better framework for more flexible leases could leave legislation as the only viable option. A particularly contentious issue has been the upward-only rent review .
590 _aWB
650 _aFLEXIBLE LEASES
650 _aCOMMERCIAL LEASES
650 _aUPWARD ONLY RENT REVIEWS
650 _aREFORM
690 _aPROPERTY-LANDLORD AND TENANT
942 _n0
999 _c66769
_d66769